<?xml version="1.0" encoding="UTF-8"?>
<record
    xmlns:xsi="http://www.w3.org/2001/XMLSchema-instance"
    xsi:schemaLocation="http://www.loc.gov/MARC21/slim http://www.loc.gov/standards/marcxml/schema/MARC21slim.xsd"
    xmlns="http://www.loc.gov/MARC21/slim">

  <leader>02223nam a2200349 u 4500</leader>
  <controlfield tag="001">1445387</controlfield>
  <controlfield tag="005">20260508090905.0</controlfield>
  <controlfield tag="007">co|||||||</controlfield>
  <controlfield tag="008">160713s2016                        spa  </controlfield>
  <datafield tag="035" ind1=" " ind2=" ">
    <subfield code="a">1445387</subfield>
  </datafield>
  <datafield tag="040" ind1=" " ind2=" ">
    <subfield code="c">comduadb</subfield>
  </datafield>
  <datafield tag="041" ind1=" " ind2=" ">
    <subfield code="a">spa</subfield>
  </datafield>
  <datafield tag="080" ind1=" " ind2=" ">
    <subfield code="a">T/CD</subfield>
  </datafield>
  <datafield tag="082" ind1=" " ind2="4">
    <subfield code="a">302</subfield>
  </datafield>
  <datafield tag="100" ind1="1" ind2="0">
    <subfield code="a">Posada Elorza, Valentina</subfield>
    <subfield code="4">aut</subfield>
    <subfield code="e">aut</subfield>
    <subfield code="9">735191</subfield>
  </datafield>
  <datafield tag="245" ind1="1" ind2="0">
    <subfield code="a">Pr&#xE1;cticas alimentarias e interacci&#xF3;n social alrededor de la coca del almuerzo en estudiantes de la Ciudad Universitaria de Medell&#xED;n, Sede Central de la Universidad de Antioquia</subfield>
  </datafield>
  <datafield tag="260" ind1=" " ind2=" ">
    <subfield code="a">Medell&#xED;n :</subfield>
    <subfield code="b">Autor(a),</subfield>
    <subfield code="c">2016.</subfield>
  </datafield>
  <datafield tag="300" ind1=" " ind2=" ">
    <subfield code="a">1 CD-ROM</subfield>
  </datafield>
  <datafield tag="520" ind1="3" ind2=" ">
    <subfield code="a">El objetivo de &#xE9;ste trabajo fue describir la cotidianidad de las din&#xE1;micas de interacci&#xF3;n social alrededor de las pr&#xE1;cticas alimentarias relacionadas con la preparaci&#xF3;n, realizaci&#xF3;n y consumo de la coca del almuerzo en los estudiantes de la Universidad de Antioquia. Con un enfoque cualitativo y mediante la observaci&#xF3;n y la entrevista en profundidad se obtuvo la perspectiva de los estudiantes sobre su relaci&#xF3;n con el almuerzo en coca y las relaciones sociales que de all&#xED; se derivan; voz que se entrelaz&#xF3; con la teor&#xED;a consultada y se plasm&#xF3; en la presentaci&#xF3;n de resultados donde se presentaron las categor&#xED;as de: la casa como cocina, la universidad como comedor, comer acompa&#xF1;ado y comer solo. Entre los hallazgos obtenidos se destac&#xF3; la figura femenina en la preparaci&#xF3;n de los alimentos, aquello que se comparte en un grupo que se re&#xFA;ne para comer y dos perspectivas sobre el comer en solitario; una ofrecida por quienes lo hacen y otra recordada por los que comen en grupo.</subfield>
  </datafield>
  <datafield tag="650" ind1=" " ind2="7">
    <subfield code="a">Interacci&#xF3;n social</subfield>
    <subfield code="2">lemb</subfield>
    <subfield code="9">4612</subfield>
  </datafield>
  <datafield tag="650" ind1=" " ind2=" ">
    <subfield code="a">Interacci&#xF3;n social en j&#xF3;venes</subfield>
    <subfield code="9">65402</subfield>
  </datafield>
  <datafield tag="650" ind1=" " ind2=" ">
    <subfield code="a">Din&#xE1;mica social</subfield>
    <subfield code="9">15264</subfield>
  </datafield>
  <datafield tag="650" ind1=" " ind2=" ">
    <subfield code="a">Pr&#xE1;cticas alimentarias</subfield>
    <subfield code="9">207528</subfield>
  </datafield>
  <datafield tag="650" ind1=" " ind2=" ">
    <subfield code="a">H&#xE1;bitos alimenticios - Colombia</subfield>
    <subfield code="9">148331</subfield>
  </datafield>
  <datafield tag="650" ind1=" " ind2=" ">
    <subfield code="a">Estudiantes universitarios - Aspectos sociales</subfield>
    <subfield code="9">205534</subfield>
  </datafield>
  <datafield tag="650" ind1=" " ind2=" ">
    <subfield code="a">Universidad de Antioquia - Estudiantes</subfield>
    <subfield code="9">43567</subfield>
  </datafield>
  <datafield tag="700" ind1="1" ind2="0">
    <subfield code="a">Giraldo Rold&#xE1;n, &#xD3;scar Ignacio</subfield>
    <subfield code="4">ths</subfield>
    <subfield code="e">ths</subfield>
    <subfield code="9">583910</subfield>
  </datafield>
  <datafield tag="856" ind1="4" ind2=" ">
    <subfield code="u">https://bibliotecadigital.udea.edu.co/handle/10495/14547</subfield>
  </datafield>
  <datafield tag="942" ind1=" " ind2=" ">
    <subfield code="c">TESIS</subfield>
  </datafield>
  <datafield tag="999" ind1=" " ind2=" ">
    <subfield code="c">749505</subfield>
    <subfield code="d">749505</subfield>
  </datafield>
  <datafield tag="502" ind1=" " ind2=" ">
    <subfield code="b">105</subfield>
    <subfield code="c">12</subfield>
  </datafield>
  <datafield tag="526" ind1=" " ind2=" ">
    <subfield code="a">106</subfield>
  </datafield>
  <datafield tag="952" ind1=" " ind2=" ">
    <subfield code="0">0</subfield>
    <subfield code="1">0</subfield>
    <subfield code="4">0</subfield>
    <subfield code="7">0</subfield>
    <subfield code="8">DIGITAL</subfield>
    <subfield code="a">CISH</subfield>
    <subfield code="b">CISH</subfield>
    <subfield code="d">2016-07-13</subfield>
    <subfield code="e">Material adquirido por donaci&#xF3;n</subfield>
    <subfield code="i">C1247458</subfield>
    <subfield code="l">0</subfield>
    <subfield code="o">T/CD-11760</subfield>
    <subfield code="p">15987218</subfield>
    <subfield code="r">2023-05-03 00:00:00</subfield>
    <subfield code="t">1</subfield>
    <subfield code="w">2023-05-03</subfield>
    <subfield code="y">DIGITAL</subfield>
  </datafield>
  <datafield tag="952" ind1=" " ind2=" ">
    <subfield code="0">0</subfield>
    <subfield code="1">0</subfield>
    <subfield code="4">0</subfield>
    <subfield code="7">0</subfield>
    <subfield code="8">TESDIGBC</subfield>
    <subfield code="a">BC</subfield>
    <subfield code="b">BC</subfield>
    <subfield code="d">2016-07-18</subfield>
    <subfield code="e">Material adquirido por donaci&#xF3;n</subfield>
    <subfield code="i">C1247725</subfield>
    <subfield code="l">0</subfield>
    <subfield code="o">302.4 P855 CD-ROM</subfield>
    <subfield code="p">1019722</subfield>
    <subfield code="r">2023-05-03 00:00:00</subfield>
    <subfield code="t">2</subfield>
    <subfield code="w">2023-05-03</subfield>
    <subfield code="y">DIGITAL</subfield>
  </datafield>
</record>
